Los plásticos en la construcción

Saved in:
Bibliographic Details
Main Author: Saechtling, Hansjürgen (Author)
Format: Book
Language:Spanish
Published: Barcelona Gustavo Gili 1978
Subjects:
Tags: Add Tag
No Tags, Be the first to tag this record!

MARC

LEADER 00000nam a2200000 a 4500
001 UCV9232
003 CL-VaPUC
008 920714e19780000SP |||||||||||||||||spa|d
082 0 4 |a 691.92  |b SAE  |2 21 
100 0 |a Saechtling, Hansjürgen  |e author  |9 303227 
245 1 4 |a Los plásticos en la construcción 
300 |a 256 p 
942 |c BK 
945 |d 19920714 00:00:00 
260 |a Barcelona  |b Gustavo Gili  |c 1978 
650 7 |a PLASTICOS EN LA CONSTRUCCION  |2 CL-VaPUC  |9 266369 
583 |a last modification  |c 19920714 00:00:00  |k Rodrigo Vera 
999 |c 214601  |d 214599 
952 |0 0  |1 0  |4 0  |6 691_920000000000000_SAE_1978  |7 0  |8 A  |9 198160  |a BIBARQ  |b BIBARQ  |d 2019-11-14  |i 2657120  |o 691.92 SAE 1978  |p 2657120  |r 2025-01-20  |w 2019-11-14  |y BK  |k ARQ 
952 |0 0  |1 0  |4 0  |6 691_920000000000000_SAE_1978  |7 0  |8 A  |9 198161  |a BIBING  |b BIBING  |d 2019-11-14  |i 3096505  |o 691.92 SAE 1978  |p 3096505  |r 2025-01-20  |w 2019-11-14  |y BK  |k CCL 
952 |0 0  |1 0  |4 0  |6 691_920000000000000_SAE_1978  |7 0  |8 A  |9 198162  |a BIBING  |b BIBING  |d 2019-11-14  |i 1706357  |o 691.92 SAE 1978  |p 1706357  |r 2025-01-20  |w 2019-11-14  |y BK  |k CCL